|
|
|
|
| LEADER |
00000cam a2200000 7i4500 |
| 001 |
0000089888 |
| 005 |
20230125125250.0 |
| 008 |
220830 |
| 020 |
|
|
|a 9789672803126
|
| 041 |
|
|
|a Malay
|
| 090 |
0 |
0 |
|a CIK
|b MAL
|
| 100 |
0 |
|
|a Cik Amal Amina
|
| 245 |
0 |
0 |
|a Sayang tanpa limit
|c Cik Amal Amina
|
| 260 |
|
|
|a Selangor :
|b Idea Kreatif Pub. ,
|c 2022
|
| 300 |
|
|
|a 562 p. ;
|c 18.3 cm.
|
| 541 |
|
|
|c Purchase on 2022
|f E220106 ABR
|h RM28.00
|
| 650 |
|
0 |
|a Malay fiction
|
| 650 |
|
0 |
|a Malaysian fiction(Malay)
|
| 730 |
0 |
|
|a Judul
|
| 999 |
|
|
|a 0001686759
|b Book
|c Adult Collection
|e Perbadanan Perpustakaan Awam Johor
|
| 999 |
|
|
|a 0001686761
|b Book
|c Adult Collection
|e Cawangan Urban Transformation Centre
|
| 999 |
|
|
|a 0001686762
|b Book
|c Adult Collection
|e Cawangan AEON Kulaijaya
|
| 999 |
|
|
|a 0001686771
|b Book
|c Adult Collection
|e Cawangan Kota Tinggi
|
| 999 |
|
|
|a 0001686772
|b Book
|c Adult Collection
|e Cawangan Tangkak
|
| 999 |
|
|
|a 0001686773
|b Book
|c Adult Collection
|e Cawangan Segamat
|
| 999 |
|
|
|a 0001686774
|b Book
|c Adult Collection
|e Cawangan Bandar Tenggara
|
| 999 |
|
|
|a 0001686775
|b Book
|c Adult Collection
|e Cawangan Bandar Penawar
|
| 999 |
|
|
|a 0001686776
|b Book
|c Adult Collection
|e Cawangan Muar
|
| 999 |
|
|
|a 0001686777
|b Book
|c Adult Collection
|e Cawangan Pontian
|
| 999 |
|
|
|a 0001686778
|b Book
|c Adult Collection
|e Cawangan Bukit Gambir
|
| 999 |
|
|
|a 0001686779
|b Book
|c Adult Collection
|e Cawangan Taman Sri Lambak
|
| 999 |
|
|
|a 0001686781
|b Book
|c Adult Collection
|e Cawangan Tmn. Ungku Tun Aminah
|
| 999 |
|
|
|a 0001686782
|b Book
|c Adult Collection
|e Cawangan Batu Pahat
|
| 999 |
|
|
|a 0001686783
|b Book
|c Adult Collection
|e Cawangan Mersing
|
| 999 |
|
|
|a 0001686784
|b Book
|c Adult Collection
|e Perbadanan Perpustakaan Awam Johor
|
| 999 |
|
|
|a 0001686785
|b Book
|c Adult Collection
|e Perbadanan Perpustakaan Awam Johor
|
| 999 |
|
|
|a 0001686786
|b Book
|c Adult Collection
|e Cawangan Taman Universiti
|
| 999 |
|
|
|a 0001687644
|b Book
|c Adult Collection
|e Desa - PPAJ
|
| 999 |
|
|
|a 0001687645
|b Book
|c Adult Collection
|e Desa - PPAJ
|
| 999 |
|
|
|a 0001687646
|b Book
|c Adult Collection
|e Desa - PPAJ
|
| 999 |
|
|
|a 0001687647
|b Book
|c Adult Collection
|e Desa - PPAJ
|
| 999 |
|
|
|a 0001687648
|b Book
|c Adult Collection
|e Desa - PPAJ
|
| 999 |
|
|
|a 0001687649
|b Book
|c Adult Collection
|e Desa - PPAJ
|
| 999 |
|
|
|a 0001687650
|b Book
|c Adult Collection
|e Desa - PPAJ
|
| 999 |
|
|
|a 0001687651
|b Book
|c Adult Collection
|e Desa - PPAJ
|
| 999 |
|
|
|a 0001687652
|b Book
|c Adult Collection
|e Desa - PPAJ
|
| 999 |
|
|
|a 0001687653
|b Book
|c Adult Collection
|e Desa - PPAJ
|
| 999 |
|
|
|a 0001687654
|b Book
|c Adult Collection
|e Desa - PPAJ
|
| 999 |
|
|
|a 0001687655
|b Book
|c Adult Collection
|e Desa - PPAJ
|
| 999 |
|
|
|a 0001687656
|b Book
|c Adult Collection
|e Desa - PPAJ
|
| 999 |
|
|
|a 0001687657
|b Book
|c Adult Collection
|e Desa - PPAJ
|
| 999 |
|
|
|a 0001687658
|b Book
|c Adult Collection
|e Desa - PPAJ
|
| 999 |
|
|
|a 0001687659
|b Book
|c Adult Collection
|e Desa - PPAJ
|
| 999 |
|
|
|a 0001687660
|b Book
|c Adult Collection
|e Desa - PPAJ
|
| 999 |
|
|
|a 0001687661
|b Book
|c Adult Collection
|e Desa - PPAJ
|
| 999 |
|
|
|a 0001687662
|b Book
|c Adult Collection
|e Desa - PPAJ
|
| 999 |
|
|
|a 0001687663
|b Book
|c Adult Collection
|e Desa - PPAJ
|
| 999 |
|
|
|a 0001687664
|b Book
|c Adult Collection
|e Desa - PPAJ
|
| 999 |
|
|
|a 0001687665
|b Book
|c Adult Collection
|e Desa - PPAJ
|
| 999 |
|
|
|a 0001687666
|b Book
|c Adult Collection
|e Desa - PPAJ
|
| 999 |
|
|
|a 0001687667
|b Book
|c Adult Collection
|e Desa - PPAJ
|
| 999 |
|
|
|a 0001687668
|b Book
|c Adult Collection
|e Desa - PPAJ
|
| 999 |
|
|
|a 0001687669
|b Book
|c Adult Collection
|e Desa - PPAJ
|
| 999 |
|
|
|a 0001687670
|b Book
|c Adult Collection
|e Desa - PPAJ
|
| 999 |
|
|
|a 0001687671
|b Book
|c Adult Collection
|e Desa - PPAJ
|
| 999 |
|
|
|a 0001687672
|b Book
|c Adult Collection
|e Desa - PPAJ
|
| 999 |
|
|
|a 0001687673
|b Book
|c Adult Collection
|e Desa - PPAJ
|
| 999 |
|
|
|a 0001687674
|b Book
|c Adult Collection
|e Desa - PPAJ
|
| 999 |
|
|
|a 0001687675
|b Book
|c Adult Collection
|e Desa - PPAJ
|
| 999 |
|
|
|a 0001687676
|b Book
|c Adult Collection
|e Desa - PPAJ
|
| 999 |
|
|
|a 0001687677
|b Book
|c Adult Collection
|e Desa - PPAJ
|
| 999 |
|
|
|a 0001687678
|b Book
|c Adult Collection
|e Desa - PPAJ
|
| 999 |
|
|
|a 0001687679
|b Book
|c Adult Collection
|e Desa - PPAJ
|
| 999 |
|
|
|a 0001687680
|b Book
|c Adult Collection
|e Desa - PPAJ
|
| 999 |
|
|
|a 0001687681
|b Book
|c Adult Collection
|e Desa - PPAJ
|
| 999 |
|
|
|a 0001687682
|b Book
|c Adult Collection
|e Desa - PPAJ
|
| 999 |
|
|
|a 0001687683
|b Book
|c Adult Collection
|e Desa - PPAJ
|
| 999 |
|
|
|a 0001687790
|b Book
|c Adult Collection
|e Desa - PPAJ
|
| 999 |
|
|
|a 0001687791
|b Book
|c Adult Collection
|e Desa - PPAJ
|
| 999 |
|
|
|a 0001687792
|b Book
|c Adult Collection
|e Desa - PPAJ
|
| 999 |
|
|
|a 0001687793
|b Book
|c Adult Collection
|e Desa - PPAJ
|